New Business Models for the Reuse of Secondary Resources from WEEEs (Record no. 13920)

MARC details
000 -LEADER
fixed length control field 00942nam a2200121Ia 4500
008 - FIXED-LENGTH DATA ELEMENTS--GENERAL INFORMATION
fixed length control field 220615s9999||||xx |||||||||||||| ||und||
245 #0 - TITLE STATEMENT
Title New Business Models for the Reuse of Secondary Resources from WEEEs
Remainder of title The FENIX Project
546 ## - LANGUAGE NOTE
Language note English[eng]
650 ## - SUBJECT ADDED ENTRY--TOPICAL TERM
Topical term or geographic name entry element Industrial and Production Engineering||Natural Resource and Energy Economics||Supply Chain Management||Waste Management/Waste Technology||Life Cycle Cost||Life Cycle Assessment||Life Cycle Performance Assessment||Open Access||Circular Economy||Circular Business Models||WEEE management||Circularity Performance Assessment||Production engineering||Environmental economics||Purchasing & supply management||Waste management||Waste treatment & disposal
700 ## - ADDED ENTRY--PERSONAL NAME
Personal name Rosa, Paolo||Terzi, Sergio
856 ## - ELECTRONIC LOCATION AND ACCESS
Uniform Resource Identifier <a href="https://library.oapen.org/bitstream/20.500.12657/50044/1/978-3-030-74886-9.pdf||https://library.oapen.org/bitstream/20.500.12657/50044/1/978-3-030-74886-9.pdf">https://library.oapen.org/bitstream/20.500.12657/50044/1/978-3-030-74886-9.pdf||https://library.oapen.org/bitstream/20.500.12657/50044/1/978-3-030-74886-9.pdf</a>
942 ## - ADDED ENTRY ELEMENTS (KOHA)
Koha item type E-Books
Holdings
Withdrawn status Lost status Damaged status Not for loan Home library Current library Date acquired Total Checkouts Date last seen Price effective from Koha item type
        Kerala University of Digital Sciences, Innovation and Technology Knowledge Centre Kerala University of Digital Sciences, Innovation and Technology Knowledge Centre 15/06/2022   15/06/2022 15/06/2022 E-Books